ՀՀ Գիտությունների ազգային ակադեմիայի հիմնարար գիտական գրադարան  =   Fundamental Scientific Library of NAS RA

Սպարտակ : (Record no. 86602)

MARC details
000 -LEADER
fixed length control field 00970nam a2200217 a 4500
003 - CONTROL NUMBER IDENTIFIER
control field AM-YeHGA
005 - DATE AND TIME OF LATEST TRANSACTION
control field 20250618071628.0
008 - FIXED-LENGTH DATA ELEMENTS--GENERAL INFORMATION
fixed length control field 030707s1936 ai 000 | arm d
040 ## - CATALOGING SOURCE
Original cataloging agency AM-YeHGA
090 ## - LOCALLY ASSIGNED LC-TYPE CALL NUMBER (OCLC); LOCAL CALL NUMBER (RLIN)
-- 87886
100 1# - MAIN ENTRY--PERSONAL NAME
Personal name Ջովանյոլի, Ռաֆաելլո.
245 10 - TITLE STATEMENT
Title Սպարտակ :
Remainder of title [Պատմավեպ] /
Statement of responsibility, etc. Ռ. Ջովանյոլի; Թարգմ. ֆրանս.՝ Ս. Տիրատուրյան; Խմբ. և առաջաբ.՝ Լ. Մարության.
260 ## - PUBLICATION, DISTRIBUTION, ETC.
Place of publication, distribution, etc. Յերևան ;
-- Մոսկվա :
Name of publisher, distributor, etc. Հայպետհրատ,
Date of publication, distribution, etc. 1936.
300 ## - PHYSICAL DESCRIPTION
Extent 434 էջ ;
Dimensions 24 սմ.
500 ## - GENERAL NOTE
General note Ծանոթագր., էջ` 425-434
650 14 - SUBJECT ADDED ENTRY--TOPICAL TERM
Topical term or geographic name entry element Իտալական գրականություն
General subdivision Վեպ
700 1# - ADDED ENTRY--PERSONAL NAME
Personal name Տիրատուրյան, Ս.
Relator term թարգմ.
Relationship trl
700 1# - ADDED ENTRY--PERSONAL NAME
Personal name Մարության, Լեմվել Մարտիրոսի,
Dates associated with a name 1904-1968
Relator term խմբ.
Relationship edt
9 (RLIN) 2696
856 4# - ELECTRONIC LOCATION AND ACCESS
Uniform Resource Identifier <a href="http://greenstone.flib.sci.am/gsdl/collect/opac/books/spartak.pdf">http://greenstone.flib.sci.am/gsdl/collect/opac/books/spartak.pdf</a>
Link text Կարդալ առցանց
942 ## - ADDED ENTRY ELEMENTS (KOHA)
Source of classification or shelving scheme Universal Decimal Classification
Koha item type Գրքեր / Books
Holdings
Withdrawn status Lost status Damaged status Not for loan Collection Home library Current library Date acquired Total checkouts Full call number Barcode Date last seen Cost, replacement price Price effective from Koha item type Public note Source of classification or shelving scheme
        General Fundamental Scientific Library Fundamental Scientific Library 22/12/2016   AII/21763 FL0005921 22/12/2016 22.00 22/12/2016 Գրքեր / Books 30 Days Loan  
        General Fundamental Scientific Library Fundamental Scientific Library 22/12/2016   AII/21764 FL0005922 22/12/2016 22.00 22/12/2016 Գրքեր / Books 30 Days Loan  
        Gharibyan individual Collection Fundamental Scientific Library Fundamental Scientific Library 03/03/2026   Ղար/234 FL0697427 03/03/2026   03/03/2026 Գրքեր / Books ILL Non Circ. Universal Decimal Classification


ՀՀ ԳԱԱ հիմնարար գիտական գրադարան
ՀՀ,Երևան 0019
Մարշալ Բաղրամյան 24/6
հեռախոս:(374-10) 52-47-50
Հետադարձ կապ

All site content, except where otherwise noted, is licensed under a
Creative Commons License